000
00255 a2200085 4500
100
1
_a
Klinger, H.H..
_e
Autor
245
0
_a
Einfuehrung in die mikrowellen /
_c
Klinger H.H..
710
2
_a
Hirzel.
_e
Wydawca
_4
pbl
260
_a
Stuttgart :
_b
Hirzel,
_c
1954.
300
_a
VIII, 117 s.;
_c
24 cm.
999
_c
7494
_d
7494